00795nam a2200241Ia 450000500170000000800390001702000150005604100080007110000350007924500910011425000220020526400280022730000250025533600270028033700330030733800280034065000400036865000310040865000330043970000350047204000350050708400110054220220316235415.0121119s2000 sp gr 000 j spa a84204491801 aspa1 aNostlinger, Christine, d1936-10aYo también tengo un padre cChristine Nostlinger ; traducción de Rosa Pilar Blanco aPrimera edición 1aMadridbAlfaguarac2000 a159 páginasc20 cm atextobtxt2rdacontent asin mediaciónbn2rdamedia avolumenbnc2rdacarrier142LEMBaCuentos infantiles austriacos142LEMBaLiteratura austriaca142LEMBaVida familiarvCuentos1 aBlanco, Rosa Pilar etraductor aCO-BoRNBPbspaerdacCO-BoRNBP aN NOS1